00474nam a2200169Ia 4500008004100000100001800041245005300059245001800112260001300130260000900143300003200152440004400184650001400228650001200242650002400254650002600278190412s9999 xx 000 0 und d aJustin Birru  aDay of the week and the cross-section of returns cJustin Birru  belsevier c2018 apages 182-214, October 2018 aJournal of Financial Economicsv130 (1) aAnomalies aFINANCE aInvestor Sentiment  aReturn Predictability